00697nam a2200193 a 450000100100000000500170001000800410002704000250006824500480009326000330014130000200017449000470019450400270024171000490026883000550031704900090037295201050038199900170048600002961720200930055659.0110419s1996 dr a 000 0 spa d aDO-SdBNPbspacBNPHU00aProducción de Acacia, Eucalipto y Teca /. aSanto Domingo :bFDA,c1996. a38 p. ;c28 cm.1 aGuías técnicavno.arecursos naturales aBibliografía : p. 392 aFudación de Desarrollo Agropecuario956433 0aGuía técnicavno. 1precursos naturales956434 aBNPD 0010718PDaPDbPDcCTd2011-04-19iLF1l0o p29617-10r2020-06-25w2020-06-25yLFPDZNo se presta c29109d29109